UBT Library

The art of public speaking / (Record no. 44817)

000 -LEADER
fixed length control field 01007cam a22002894a 4500
001 - CONTROL NUMBER
control field 14122823
005 - DATE AND TIME OF LATEST TRANSACTION
control field 20180313045002.0
008 - FIXED-LENGTH DATA ELEMENTS--GENERAL INFORMATION
fixed length control field 050928s2007 maua b 001 0 eng
010 ## - LIBRARY OF CONGRESS CONTROL NUMBER
LC control number 2005934704
020 ## - INTERNATIONAL STANDARD BOOK NUMBER
International Standard Book Number 9780073135649 (pbk. : student ed. : alk. paper)
020 ## - INTERNATIONAL STANDARD BOOK NUMBER
International Standard Book Number 007313564X (pbk. : student ed. : alk. paper)
020 ## - INTERNATIONAL STANDARD BOOK NUMBER
International Standard Book Number 9780073216331 (pbk. : annotated instructor's ed. : alk. paper)
020 ## - INTERNATIONAL STANDARD BOOK NUMBER
International Standard Book Number 007321633X (pbk. : annotated instructor's ed. : alk. paper)
020 ## - INTERNATIONAL STANDARD BOOK NUMBER
International Standard Book Number 007321650X (compact discs)
040 ## - CATALOGING SOURCE
Original cataloging agency DLC
Transcribing agency DLC
Modifying agency DLC
041 ## - LANGUAGE CODE
Language code of text/sound track or separate title eng
042 ## - AUTHENTICATION CODE
Authentication code pcc
080 ## - UNIVERSAL DECIMAL CLASSIFICATION NUMBER
Universal Decimal Classification number 808.51 LUC
082 00 - DEWEY DECIMAL CLASSIFICATION NUMBER
Classification number 808.51 LUC
Edition number 22
100 1# - Rafti
Rafti 40
101 ## - Shkurtesa
Shkurtesa MED
245 14 - TITLE STATEMENT
Title The art of public speaking /
Statement of responsibility, etc Stephen E. Lucas.
504 ## - BIBLIOGRAPHY, ETC. NOTE
Bibliography, etc Includes bibliographical references and index.
906 ## - LOCAL DATA ELEMENT F, LDF (RLIN)
a 7
b cbc
c orignew
d 2
e epcn
f 20
g y-gencatlg
942 ## - ADDED ENTRY ELEMENTS (KOHA)
Source of classification or shelving scheme
Item type Books
Holdings
Withdrawn status Lost status Source of classification or shelving scheme Damaged status Not for loan Collection code Permanent location Current location Shelving location Date acquired Total Checkouts Full call number Barcode Date last seen Price effective from Koha item type
          Koleksioni i përgjithshem UBT - Lipjan UBT - Lipjan Koleksioni i përgjithshem 03/13/2018   808.51 LUC 002-3002109 03/13/2018 03/13/2018 Books
UBT Library © 2015-2024. All rights reserved University Education for Business and Technology